Central Library OPAC University of Rajshahi

The study of lives : (Record no. 29043)

MARC details
000 -LEADER
fixed length control field 00890nam a22002651 4500
001 - CONTROL NUMBER
control field 29043
003 - CONTROL NUMBER IDENTIFIER
rucl marc code BD-RjUL
005 - DATE AND TIME OF LATEST TRANSACTION
control field 20211209051350.0
008 - FIXED-LENGTH DATA ELEMENTS--GENERAL INFORMATION
fixed length control field 140402r19641963nyu b 011 0 eng
035 ## - SYSTEM CONTROL NUMBER
System control number (BD-RjUL)29128
040 ## - CATALOGING SOURCE
Original cataloging agency DLC
Transcribing agency DLC
Modifying agency DLC
-- BD-RjUL
Language of cataloging eng
041 ## - LANGUAGE CODE
Language code of text/sound track or separate title eng
082 00 - DEWEY DECIMAL CLASSIFICATION NUMBER
Classification number 137.082
Author mark and year STU 1964
245 04 - TITLE STATEMENT
Title The study of lives :
Remainder of title essays on personality in honor of Henry A. Murray /
Statement of responsibility, etc. Edited by Robert W. White, assisted by Katherine F. Bruner.
260 ## - PUBLICATION, DISTRIBUTION, ETC. (IMPRINT)
Place of publication, distribution, etc. New York :
Name of publisher, distributor, etc. Atherton Press,
Date of publication, distribution, etc. c1963 [Reprinted 1964].
300 ## - PHYSICAL DESCRIPTION
Pagination xxi, 442 p. ;
Size 24 cm.
490 0# - SERIES STATEMENT
Series statement The Atherton Press behavioral science series
504 ## - BIBLIOGRAPHY, ETC. NOTE
Bibliography, etc Includes index.
600 10 - SUBJECT ADDED ENTRY--PERSONAL NAME
Personal name Murray, Henry A.
Fuller form of name (Henry Alexander),
Dates associated with a name 1893-1988.
650 #0 - SUBJECT ADDED ENTRY--TOPICAL TERM
Topical term or geographic name as entry element Personality.
9 (RLIN) 88718
700 1# - ADDED ENTRY--PERSONAL NAME
Personal name White, Robert Winthrop.
942 ## - ADDED ENTRY ELEMENTS (KOHA)
Source of classification or shelving scheme Dewey Decimal Classification
Koha item type Books
Holdings
Lost status Source of classification or shelving scheme Damaged status Not for loan Collection code Permanent Location Current Location Shelving location Date acquired Source of acquisition Cost, normal purchase price Total Checkouts Full call number Date last seen Copy number Koha item type
  Dewey Decimal Classification     Non-fiction Central Library, University of Rajshahi Central Library, University of Rajshahi   21/03/1968 Paramount Book Corp. 47.50   137.082 STU 1964 02/04/2014 C-2 Books
  Dewey Decimal Classification     Non-fiction Central Library, University of Rajshahi Central Library, University of Rajshahi   21/03/1968 Paramount Book Corporation 47.50   137.082 STU 1964 02/04/2014 C-3 Books